| 000 | 00950nam a22002297a 4500 | ||
|---|---|---|---|
| 005 | 20080708121253.0 | ||
| 010 | _aENG-90486 | ||
| 020 |
_a8180940454 _c150.00 |
||
| 035 | _aEN-74019 | ||
| 035 | _aG-001285 | ||
| 037 | _bDBAD / PUB | ||
| 082 | _a543.0871 | ||
| 100 |
_aRani, S. _934426 |
||
| 245 |
_aElectroanalytical methods / _cby S. Rani |
||
| 260 |
_aChennai _bMJP Publishers _c2008 |
||
| 270 |
_a47, Nallathambi Street _bChennai _e600005 |
||
| 300 |
_axii, 173p.: _c24 cm (pbk) _bill |
||
| 500 | _aIncludes glossary and index | ||
| 942 |
_2ddc _cEN _h543.0871 _mRAN |
||
| 999 |
_c14283 _d14283 |
||